<?xml version="1.0" encoding="UTF-8"?>
<record
    xmlns:xsi="http://www.w3.org/2001/XMLSchema-instance"
    xsi:schemaLocation="http://www.loc.gov/MARC21/slim http://www.loc.gov/standards/marcxml/schema/MARC21slim.xsd"
    xmlns="http://www.loc.gov/MARC21/slim">

  <leader>00851nam a22002057a 4500</leader>
  <controlfield tag="003">0</controlfield>
  <controlfield tag="005">20160609165301.0</controlfield>
  <controlfield tag="008">100118t        xxu||||| |||| 00| 0 eng d</controlfield>
  <datafield tag="037" ind1=" " ind2=" ">
    <subfield code="a">M15463</subfield>
    <subfield code="b">BIBLIO</subfield>
  </datafield>
  <datafield tag="040" ind1=" " ind2=" ">
    <subfield code="a">BUAC</subfield>
    <subfield code="b">F</subfield>
    <subfield code="c">BEPAC</subfield>
  </datafield>
  <datafield tag="082" ind1=" " ind2=" ">
    <subfield code="a">26.ABM/ABI</subfield>
  </datafield>
  <datafield tag="100" ind1=" " ind2=" ">
    <subfield code="a"> Abiosse, Razaack A. O. </subfield>
    <subfield code="9">2884</subfield>
  </datafield>
  <datafield tag="245" ind1=" " ind2=" ">
    <subfield code="a">D&#xE9;terminants parentaux de la d&#xE9;cision, de l'adoption et des pratiques de coart&#xE9;moth&#xE9;rapie sur le paludisme et efficacit&#xE9; du Coartem chez les enfants f&#xE9;briles au B&#xE9;nin: cas des parents d'enfants de moins de cinq ans f&#xE9;briles de l'Arrondissement  d'Adoukandji Lalo (B&#xE9;nin)</subfield>
  </datafield>
  <datafield tag="260" ind1=" " ind2=" ">
    <subfield code="a">EPAC-UAC</subfield>
    <subfield code="b">EPAC-UAC</subfield>
    <subfield code="c">2006-2007</subfield>
  </datafield>
  <datafield tag="300" ind1=" " ind2=" ">
    <subfield code="a">I-105p</subfield>
    <subfield code="c">29cm</subfield>
  </datafield>
  <datafield tag="500" ind1=" " ind2=" ">
    <subfield code="a">Mem Ecole Polytechnique d'Abomey- Calavi
2008</subfield>
  </datafield>
  <datafield tag="650" ind1=" " ind2=" ">
    <subfield code="a">EFFICACITE  COARTEMOTHERAPIE  PALUDISME</subfield>
    <subfield code="9">2885</subfield>
  </datafield>
  <datafield tag="700" ind1=" " ind2=" ">
    <subfield code="a">Ganhoutode , Dominique</subfield>
    <subfield code="9">11399</subfield>
  </datafield>
  <datafield tag="942" ind1=" " ind2=" ">
    <subfield code="c">THE</subfield>
  </datafield>
  <datafield tag="999" ind1=" " ind2=" ">
    <subfield code="c">46747</subfield>
    <subfield code="d">46747</subfield>
  </datafield>
  <datafield tag="952" ind1=" " ind2=" ">
    <subfield code="0">0</subfield>
    <subfield code="1">0</subfield>
    <subfield code="4">0</subfield>
    <subfield code="7">0</subfield>
    <subfield code="a">BEPAC</subfield>
    <subfield code="b">BEPAC</subfield>
    <subfield code="d">2010-11-23</subfield>
    <subfield code="e">D&#xE9;pot l&#xE9;gal</subfield>
    <subfield code="l">0</subfield>
    <subfield code="o">27./ABM/ABI</subfield>
    <subfield code="p">M16143EPAC</subfield>
    <subfield code="r">2010-11-23 00:00:00</subfield>
    <subfield code="t">1</subfield>
    <subfield code="w">2010-11-23</subfield>
    <subfield code="y">THE</subfield>
  </datafield>
  <datafield tag="952" ind1=" " ind2=" ">
    <subfield code="0">0</subfield>
    <subfield code="1">0</subfield>
    <subfield code="4">0</subfield>
    <subfield code="7">0</subfield>
    <subfield code="a">BEPAC</subfield>
    <subfield code="b">BEPAC</subfield>
    <subfield code="d">2010-11-23</subfield>
    <subfield code="e">D&#xE9;pot l&#xE9;gal</subfield>
    <subfield code="l">0</subfield>
    <subfield code="o">27./ABM/ABI</subfield>
    <subfield code="p">M16144EPAC</subfield>
    <subfield code="r">2010-11-23 00:00:00</subfield>
    <subfield code="t">2</subfield>
    <subfield code="w">2010-11-23</subfield>
    <subfield code="y">THE</subfield>
  </datafield>
  <datafield tag="952" ind1=" " ind2=" ">
    <subfield code="0">0</subfield>
    <subfield code="1">0</subfield>
    <subfield code="4">0</subfield>
    <subfield code="7">0</subfield>
    <subfield code="a">BEPAC</subfield>
    <subfield code="b">BEPAC</subfield>
    <subfield code="d">2010-11-23</subfield>
    <subfield code="e">D&#xE9;pot l&#xE9;gal</subfield>
    <subfield code="l">0</subfield>
    <subfield code="o">27./ABM/ABI</subfield>
    <subfield code="p">M16145EPAC</subfield>
    <subfield code="r">2010-11-23 00:00:00</subfield>
    <subfield code="t">3</subfield>
    <subfield code="w">2010-11-23</subfield>
    <subfield code="y">THE</subfield>
  </datafield>
</record>
